Effectif Arsenal (2024-2025) - Statistiques

Statistiques générales
  • Ce quiz a été pris 596 fois
  • Le résultat moyen est 19 sur 22
Statistiques - réponses
Poste Nationalité Numéro de maillot Réponse % Correct
Défenseur Français 2 William Saliba
98%
Gardien Espagnol 22 David Raya
97%
Attaquant Anglais 7 Bukayo Saka
96%
Défenseur Brésilien 6 Gabriel
96%
Milieu Norvegien 8 Martin Odegaard
96%
Attaquant Bresilien 9 Gabriel Jesus
94%
Attaquant Bresilien 11 Gabriel Martinelli
94%
Milieu / Attaquant Allemand 29 Kai Havertz
93%
Attaquant Belge 19 Leandro Trossard
93%
Milieu Ghanéen 5 Thomas Partey
90%
Milieu Anglais 41 Declan Rice
88%
Défenseur Ukrainien 17 Oleksandr Zinchenko
88%
Défenseur Italien 33 Riccardo Calafiori
88%
Défenseur Anglais 4 Ben White
87%
Milieu Italien 20 Jorginho
87%
Défenseur Néerlandais 12 Jurrien Timber
83%
Milieu Espagnol 23 Mikel Merino
78%
Défenseur Japonais 18 Takehiro Tomiyasu
75%
Défenseur Ecossais 3 Kieran Tierney
74%
Défenseur Polonais 15 Jakub Kiwior
73%
Attaquant Anglais 30 Raheem Sterling
56%
Gardien Bresilien 32 Neto
53%
Aucun quiz correspondant
Distribution des résultats
% des personnes avec chaque résultat
Percentile par nombre de réponses
Votre historique - résultats
Vous n’avez pas pris ce quiz